[Event "Muenster Bezirksliga 0506"]
[Site "Muenster"]
[Date "2006.01.14"]
[Round "5.7"]
[White "Wolffgang, Georg"]
[Black "Roessing, Paul"]
[Result "0-1"]
[WhiteElo "1572"]
[BlackElo "1648"]
[PlyCount "94"]
[EventDate "2005.09.10"]
[EventType "team"]
[EventRounds "9"]
[EventCountry "GER"]
[SourceTitle "EXT 2007"]
[Source "ChessBase"]
[SourceDate "2006.11.23"]
[SourceVersion "1"]
[SourceVersionDate "2006.11.23"]
[SourceQuality "1"]
[WhiteTeam "Telgte III"]
[BlackTeam "Duelmen II"]
[WhiteTeamCountry "GER"]
[BlackTeamCountry "GER"]

1. d4 g6 2. e4 d6 3. Nc3 Bg7 4. Bc4 Nd7 5. Be3 e5 6. Nf3 exd4 7. Bxd4 Ngf6 8. 0-0 0-0 9. Re1 Nh5 10. Bxg7 Nxg7 11. e5 dxe5 12. Ne4 Nf5 13. c3 Qe7 14. Qd3 Nd6 15. Nxd6 cxd6 16. Rad1 Nb6 17. Bb3 Bg4 18. Rd2 Bxf3 19. Qxf3 Kg7 20. Red1 Rad8 21. Qe4 f5 22. Qb4 Rf6 23. a4 Qc7 24. a5 Nc8 25. Bd5 b6 26. a6 Ne7 27. Bb7 Kf8 28. Qh4 Kg7 29. c4 e4 30. b3 Nc6 31. Qg3 Ne5 32. Qxe5 dxe5 33. Rxd8 Rf7 34. Re8 e3 35. Rd5 exf2+ 36. Kxf2 e4 37. Rde5 Qd6 38. Bd5 Qc5+ 39. Ke2 Rc7 40. Bxe4 Qd4 41. Bc2 Rd7 42. R5e7+ Kh6 43. Rxd7 Qxd7 44. Ra8 Qe6+ 45. Kf2 b5 46. cxb5 Qd5 47. Kg3 Qxa8 0-1